000 00522nam a22001697a 4500
005 20251108175029.0
008 250721s1991 xx 000 0 ara d
082 1 4 _a616.97/ترب
245 1 0 _aالتربية للوقاية من الإيدز /
264 1 _aعمان :
_bمكتب اليونسكو الإقليمي للتربية في الدول العربية،
_c1991.
300 _a86ص.
650 1 7 _aالامراض
650 1 7 _aالإيدز
650 1 7 _aالمناعة
942 _2ddc
_cBK
999 _c124375
_d124375